00334nam a2200109Ia 4500008004000000020001800040082001300058100001800071245009200089260003500181300000800216210210b1964 xxu||||| |||| 00| 0 eng d a0 00 686065 6 a940 PLUF aPLUMB (John). aFontana history of europe general editor Sir John Plumb revolutionary Europe 1783-1815. aLondon.bFontana Press.,c1964 a350